Set the US on Fire! - Statistics

General Stats
  • This quiz has been taken 27 times
  • The average score is 40 of 50
Answers on the Map
Answers color-coded by a green-red scale on the quiz's map according to % correct below.
 
Answer Stats
Answer % Correct
Alabama
87%
New York
87%
Alaska
83%
Arkansas
83%
California
83%
Florida
83%
Georgia
83%
Hawaii
83%
Illinois
83%
Kansas
83%
Kentucky
83%
Maine
83%
Massachusetts
83%
New Jersey
83%
New Mexico
83%
North Dakota
83%
Ohio
83%
Pennsylvania
83%
Rhode Island
83%
South Dakota
83%
Texas
83%
Virginia
83%
Washington
83%
Arizona
78%
Connecticut
78%
Delaware
78%
Indiana
78%
Iowa
78%
Louisiana
78%
Michigan
78%
Minnesota
78%
Montana
78%
New Hampshire
78%
North Carolina
78%
South Carolina
78%
Utah
78%
Vermont
78%
Wisconsin
78%
Wyoming
78%
Colorado
74%
Idaho
74%
Maryland
74%
Mississippi
74%
Missouri
74%
Nevada
74%
Oregon
74%
Tennessee
74%
West Virginia
74%
Nebraska
70%
Oklahoma
70%
No matching quizzes found
Score Distribution
Percent of People with Each Score
Percentile by Number Answered
Your Score History
You have not taken this quiz